Song Titles: Fill In The Missing Word - Flowers - Statistics

General Stats
  • This quiz has been taken 57 times
  • The average score is 5 of 15
Answer Stats
Artist Song Title % Correct
Seal Kiss From A {Rose}
91%
Foundations Build Me Up {Buttercup}
72%
Weezer Buddy {Holly}
64%
Max Bygraves {Tulips} from Amsterdam
58%
Marty Robbins A White Sport Coat (And A Pink {Carnation})
51%
English folk song (17th century) {Lavender} Blue (Dilly Dilly)
51%
Music Hall standard (1890's) {Daisy} Bell (Bicycle Built for Two)
42%
Scaffold {Lily} The Pink
34%
Perez Prado/Eddie Calvert Cherry Pink (and {Apple} {Blossom} White)
23%
Ivor Novello (composer) We'll Gather {Lilacs} In The Spring
19%
Sonic Youth Bull In The {Heather}
11%
Coldplay {Violet} Hill
11%
Gracie Fields The Biggest {Aspidistra} in the World
9%
Siouxsie and the Banshees {Poppy} Day
8%
White Stripes Blue {Orchid}
6%
No matching quizzes found
Score Distribution
Percent of People with Each Score
Percentile by Number Answered
Your Score History
You have not taken this quiz